Az orosz-magyar kulturális évad illeszkedése Magyarország imázsába

Elmentve itt :
Bibliográfiai részletek
Szerző: Skordai Anna
További közreműködők: Zsigmond Ágnes (Témavezető)
Dokumentumtípus: Szakdolgozat
Megjelent: 2005
Tárgyszavak:
Online Access:http://diploma.bibl.u-szeged.hu/38829
LEADER 00567nta a2200157 i 4500
001 dipl38829
005 20130612110429.0
008 130610s2005 hu om 0|| hun d
040 |a SZTE Diploma Repozitórium  |b hun 
041 |a hun 
100 1 |a Skordai Anna 
245 1 3 |a Az orosz-magyar kulturális évad illeszkedése Magyarország imázsába  |h [elektronikus dokumentum] /  |c Anna Skordai 
260 |c 2005 
650 4 |a Bölcsészettudományok 
700 1 |a Zsigmond Ágnes  |e ths 
856 4 0 |u http://diploma.bibl.u-szeged.hu/id/eprint/38829/1/2005_skordai_anna.pdf  |z Dokumentum-elérés